01105nam a2200277Ia 450000500170000000800410001702000180005804100080007608200190008410000250010324501720012825000360030030000540033650000470039065000540043765000580049170000500054970000490059994200120064826400290066033600270068933700330071633800280074904000350077799900150081220220317001906.0170410s2009 c o g 000 0 s  a9789588156868 aspa04a918.6148bV34c1 aVillegas, Benjamín10aColombia 360{mllhring}bciudades y puebloscdirección, diseño y edición Benjamín Villegas ; fotografía Miguel Salazar Aparicio ; textos Enrique Santos Molano a1a. edición, 2a reimpresión a190 páginasbfotografías en colorc46 x 19 cm aIncluye datos biográficos de los autores142LEMBaCiudades y pueblosvFotografíaszColombia142LEMBaColombiavDescripciones y viajesvFotografías1 aSantos Molano, Enriqued1942- eeditor9101661 aSalazar Aparicio, Miguelefotógrafo921423 2ddccBK aBogotábVillegasc2009 atextobtxt2rdacontent asin mediaciónbn2rdamedia avolumenbnc2rdacarrier aCO-BoRNBPbspaerdacCO-BoRNBP c8447d8447